[Event "220th YMCA Autumn A"]
[Site "Warsaw"]
[Date "2019.11.08"]
[Round "8"]
[White "Moskwinski, Marek"]
[Black "Choroszej, Aleksander"]
[Result "1/2-1/2"]
[WhiteElo "1942"]
[BlackElo "2054"]
[PlyCount "27"]
[EventDate "2019.09.20"]
[EventType "tourn"]
[EventRounds "1"]
[EventCountry "POL"]
[SourceDate "2019.09.20"]

1. e4 g6 2. d4 Bg7 3. Nc3 d6 4. Nf3 a6 5. a4 Nf6 6. Be2 O-O 7. Be3 Ng4 8. Bg5
h6 9. Bh4 Nc6 $11 10. h3 Nf6 11. d5 Nb8 12. O-O e6 13. dxe6 Bxe6 14. Nd4
1/2-1/2

[Event "220th YMCA Autumn A"]
[Site "Warsaw"]
[Date "2019.11.20"]
[Round "8"]
[White "Staniak, Mariusz"]
[Black "Koziol, Pawel"]
[Result "1/2-1/2"]
[WhiteElo "1808"]
[BlackElo "1822"]
[PlyCount "96"]
[EventDate "2019.09.20"]
[EventType "tourn"]
[EventRounds "1"]
[EventCountry "POL"]
[SourceDate "2019.09.20"]

1. e4 e5 2. Nf3 Nc6 3. Bc4 Nf6 4. d3 Be7 5. c3 O-O 6. O-O d6 7. Bb3 Na5 8. Bc2
c5 9. Nbd2 Nc6 10. Re1 Re8 11. h3 Bf8 12. Nf1 h6 13. Ng3 g6 14. d4 Qc7 15. Be3
b6 16. Rc1 Bd7 17. Bb1 Bg7 18. Qd2 Kh7 19. b4 Rad8 20. d5 Ne7 21. Nxe5 dxe5 22.
d6 Qc8 23. dxe7 Rxe7 24. Red1 c4 25. Qe2 Ree8 26. Rd2 Ba4 27. Bc2 Rxd2 28. Bxd2
Bxc2 29. Rxc2 Qc6 30. f3 a5 31. bxa5 bxa5 32. Be3 Bf8 33. Qf2 Nd7 34. f4 exf4
35. Qxf4 Qe6 36. Rf2 Kg8 37. Bd4 Bg7 38. Bxg7 Kxg7 39. Ne2 Ne5 40. Nd4 Qb6 41.
Kh2 f6 42. Qg3 Kh7 43. Qh4 Rf8 44. Qg3 Qb1 45. Ne6 Rf7 46. Qxe5 fxe5 47. Rxf7+
Kg8 48. Rf8+ Kh7 1/2-1/2

[Event "220th YMCA Autumn A"]
[Site "Warsaw"]
[Date "2019.11.08"]
[Round "8"]
[White "Kosny, Marek"]
[Black "Omar, Mohamed"]
[Result "1/2-1/2"]
[WhiteElo "1861"]
[BlackElo "1864"]
[PlyCount "90"]
[EventDate "2019.09.20"]
[EventType "tourn"]
[EventRounds "1"]
[EventCountry "POL"]
[SourceDate "2019.09.20"]

1. Nf3 d5 2. d4 e6 3. c4 Nf6 4. Nc3 Be7 5. Bg5 O-O 6. e3 h6 7. Bh4 a6 8. a3
Nbd7 9. Rc1 dxc4 10. Bxc4 b5 11. Ba2 c5 12. O-O Bb7 13. Bb1 b4 14. axb4 cxb4
15. Ne2 Rc8 16. Qd3 Qb6 17. Ne5 Be4 18. Qd2 g5 19. Nxd7 Nxd7 20. Bxg5 hxg5 21.
Bxe4 a5 22. Rc2 Nf6 23. Bd3 a4 24. e4 Nh7 25. Rfc1 Qb7 26. Rc4 Rxc4 27. Rxc4
Rc8 28. Qc2 Rxc4 29. Qxc4 a3 30. Qb3 Qa7 31. Bb1 Nf6 32. bxa3 bxa3 33. Qc2 Qa5
34. Kf1 e5 35. f3 Kg7 36. Ba2 Bd6 37. Qc4 Qa7 38. Ng3 Ne8 39. Qd5 Qc7 40. Nf5+
Kg6 41. Nxd6 Qc1+ 42. Ke2 Qc2+ 43. Ke1 Qc1+ 44. Kf2 Qd2+ 45. Kf1 Qd1+ 1/2-1/2

[Event "220th YMCA Autumn A"]
[Site "Warsaw"]
[Date "2019.11.07"]
[Round "8"]
[White "Kasperkiewicz, Pawel"]
[Black "Safanowski, Tomasz"]
[Result "1-0"]
[WhiteElo "1869"]
[BlackElo "1841"]
[PlyCount "27"]
[EventDate "2019.09.20"]
[EventType "tourn"]
[EventRounds "1"]
[EventCountry "POL"]
[SourceDate "2019.09.20"]

1. d4 d6 2. e4 Nf6 3. Nc3 Nbd7 4. Nf3 e5 5. Bc4 Be7 6. O-O O-O 7. a4 c6 8. Ba2
b6 9. Qe2 Bb7 10. Rd1 Qc7 11. dxe5 dxe5 12. Nh4 Rfe8 13. Nf5 Bb4 14. Qc4 1-0

[Event "220th YMCA Autumn A"]
[Site "Warsaw"]
[Date "2019.11.21"]
[Round "9"]
[White "Safanowski, Tomasz"]
[Black "Poniewierski, Piotr"]
[Result "1/2-1/2"]
[WhiteElo "1841"]
[BlackElo "1885"]
[PlyCount "86"]
[EventDate "2019.09.20"]
[EventType "tourn"]
[EventRounds "1"]
[EventCountry "POL"]
[SourceDate "2019.09.20"]

1. g3 d5 2. Bg2 Nf6 3. d3 c6 4. Nf3 Bg4 5. O-O Nbd7 6. c4 e6 7. Bf4 Be7 8. Nc3
O-O 9. Qb3 Nc5 10. Qc2 a5 11. e4 dxc4 12. dxc4 Qd3 13. Qxd3 Nxd3 14. Ne5 Nxf4
15. Nxg4 Nxg2 16. Nxf6+ Bxf6 17. Kxg2 Rfd8 18. Rfd1 Bxc3 19. bxc3 Kf8 20. c5 a4
21. Rd4 e5 22. Rxd8+ Rxd8 23. Rb1 Rd3 24. Rxb7 Rxc3 25. Ra7 Ra3 26. Rc7 Rxa2
27. Rxc6 Rc2 28. Ra6 Rc4 29. Kf3 Ke8 30. Ke3 Kd7 31. f4 f6 32. c6+ Kc7 33. f5
Rc3+ 34. Kd2 Ra3 35. Kc2 Ra2+ 36. Kc3 h5 37. Kb4 Re2 38. Kc5 Rxe4 39. Ra7+ Kb8
40. c7+ Kc8 41. Kc6 Rc4+ 42. Kd6 Rd4+ 43. Kc6 Rc4+ 1/2-1/2

[Event "220th YMCA Autumn A"]
[Site "Warsaw"]
[Date "2019.11.14"]
[Round "9"]
[White "Omar, Mohamed"]
[Black "Kasperkiewicz, Pawel"]
[Result "0-1"]
[WhiteElo "1864"]
[BlackElo "1869"]
[PlyCount "78"]
[EventDate "2019.09.20"]
[EventType "tourn"]
[EventRounds "1"]
[EventCountry "POL"]
[SourceDate "2019.09.20"]

1. e4 e6 2. d3 d5 3. Nd2 Nf6 4. Ngf3 c5 5. g3 Nc6 6. Bg2 Be7 7. O-O O-O 8. Re1
Qc7 9. c3 b5 10. Qc2 Bb7 11. Nf1 Rfc8 12. e5 Nd7 13. Bf4 d4 14. h4 Nb6 15. a3
Nd5 16. Bd2 h6 17. g4 Qd8 18. g5 hxg5 19. Nxg5 dxc3 20. bxc3 b4 21. d4 Bxg5 22.
Bxg5 Qd7 23. dxc5 bxc3 24. Ne3 Nd4 25. Qd3 Nxe3 26. Rxe3 Bxg2 27. Kxg2 Qb7+ 28.
Qe4 Qxe4+ 29. Rxe4 Nb3 30. Rb1 Nxc5 31. Rg4 c2 32. Rg1 Nd3 33. Bc1 Nxc1 34.
Rxc1 Rab8 35. Rb4 Rxb4 36. axb4 Kh7 37. f4 Kg6 38. Kf3 Kf5 39. Rg1 Rc3+ 0-1

[Event "220th YMCA Autumn A"]
[Site "Warsaw"]
[Date "2019.11.15"]
[Round "9"]
[White "Choroszej, Aleksander"]
[Black "Staniak, Mariusz"]
[Result "0-1"]
[WhiteElo "2054"]
[BlackElo "1808"]
[PlyCount "80"]
[EventDate "2019.09.20"]
[EventType "tourn"]
[EventRounds "1"]
[EventCountry "POL"]
[SourceDate "2019.09.20"]

1. d4 Nf6 2. c4 g6 3. Nc3 Bg7 4. e4 d6 5. f4 O-O 6. Nf3 Na6 7. Bd3 e5 8. fxe5
dxe5 9. d5 c6 10. O-O cxd5 11. cxd5 Ne8 12. Kh1 Nd6 13. Qe2 Nc7 14. a3 Bg4 15.
Be3 b6 16. Qe1 Bxf3 17. Rxf3 f5 18. exf5 gxf5 19. Rh3 e4 20. Bc2 Qe7 21. Bf4
Nce8 22. Bb3 Kh8 23. Qe2 Nf6 24. Rf1 Ng4 25. Nd1 Be5 26. Ne3 Bxf4 27. Rxf4 Qe5
28. Rf1 Nxe3 29. Qxe3 f4 30. Qe2 Rae8 31. Rh6 Rf6 32. Rxf6 Qxf6 33. Ba4 Re7 34.
b4 Qg5 35. Qb2+ Qe5 36. Qc1 e3 37. Bb3 Ne4 38. Re1 Nf2+ 39. Kg1 Nd3 40. Qc8+
Re8 0-1

[Event "220th YMCA Autumn A"]
[Site "Warsaw"]
[Date "2019.11.05"]
[Round "9"]
[White "Potocki, Karol"]
[Black "Moskwinski, Marek"]
[Result "1/2-1/2"]
[WhiteElo "1847"]
[BlackElo "1942"]
[PlyCount "61"]
[EventDate "2019.09.20"]
[EventType "tourn"]
[EventRounds "1"]
[EventCountry "POL"]
[SourceDate "2019.09.20"]

1. e4 c5 2. c3 d5 3. exd5 Qxd5 4. Na3 Nf6 5. Nf3 Bg4 6. Bc4 Qe4+ 7. Be2 Bxf3 8.
gxf3 Qe5 9. d4 Qc7 10. Nb5 Qd7 11. dxc5 a6 12. Qxd7+ Kxd7 13. Na3 e6 14. b4 Nd5
15. Bd2 Nc6 16. Nc2 Be7 17. c4 Nf6 18. Rg1 g6 19. Bc3 Rhd8 20. O-O-O+ Ke8 21.
Rxd8+ Rxd8 22. Rd1 Rxd1+ 23. Kxd1 Nd7 24. f4 g5 25. fxg5 Bxg5 26. Nd4 Bf6 27.
Nxc6 Bxc3 28. Kc2 Be1 29. Kd1 Bc3 30. Kc2 Be1 31. Kd1 $11 1/2-1/2

[Event "220th YMCA Autumn A"]
[Site "Warsaw"]
[Date "2019.11.28"]
[Round "9"]
[White "Derylo, Kamil"]
[Black "Liberadzki, Slawomir"]
[Result "1-0"]
[WhiteElo "2020"]
[BlackElo "1983"]
[PlyCount "95"]
[EventDate "2019.09.20"]
[EventType "tourn"]
[EventRounds "1"]
[EventCountry "POL"]
[SourceDate "2019.09.20"]

1. Nf3 c5 2. c4 Nc6 3. b3 Nf6 4. Bb2 d5 5. cxd5 Nxd5 6. e3 Bg4 7. Be2 f6 8. O-O
e6 9. d4 Be7 10. Nc3 Nxc3 11. Bxc3 O-O 12. Bc4 Kh8 13. h3 Bxf3 14. Qxf3 cxd4
15. exd4 Nxd4 16. Bxd4 Qxd4 17. Qxb7 Bd6 18. Rad1 Qe5 19. g3 Bc5 20. Kg2 Rab8
21. Qf3 Qf5 22. Qxf5 exf5 23. Rd5 Bb6 24. Rxf5 Rfd8 25. a4 Rd2 26. Re1 Rbd8 27.
a5 g6 28. Rxf6 Bxa5 29. Ree6 Bb6 30. g4 Bc5 31. Rf7 Rf8 32. Ref6 Rdd8 33. g5
Rxf7 34. Bxf7 Rf8 35. Rc6 Bxf2 36. Rc7 Bb6 37. Rb7 Be3 38. h4 Bb6 39. Kg3 Bd4
40. h5 gxh5 41. Kh4 Rd8 42. Kxh5 a5 43. Be6 Re8 44. Bc4 Rd8 45. Be6 Bg7 46. Ra7
h6 47. gxh6 Bc3 48. Kg6 1-0

[Event "220th YMCA Autumn A"]
[Site "Warsaw"]
[Date "2019.11.21"]
[Round "10"]
[White "Liberadzki, Slawomir"]
[Black "Matyszkiewicz, Wiktor"]
[Result "1/2-1/2"]
[WhiteElo "1983"]
[BlackElo "1844"]
[PlyCount "70"]
[EventDate "2019.09.20"]
[EventType "tourn"]
[EventRounds "1"]
[EventCountry "POL"]
[SourceDate "2019.09.20"]

1. c4 Nf6 2. Nf3 g6 3. Nc3 Bg7 4. g3 O-O 5. Bg2 d5 6. cxd5 Nxd5 7. O-O Nc6 8.
d4 Bf5 9. Nh4 Be6 10. e4 Nxc3 11. bxc3 Bc4 12. Re1 e5 13. d5 Ne7 14. Ba3 Re8
15. Nf3 Nc8 16. Nd2 Nb6 17. Bc5 Bb5 18. a4 Bd7 19. a5 Nc8 20. c4 Nd6 21. Qb3
Qf6 22. Reb1 Bh6 23. Be3 Bxe3 24. Qxe3 b6 25. c5 bxc5 26. Qxc5 Rec8 27. Bf1 a6
28. Ra2 Bb5 29. Bxb5 Nxb5 30. Kg2 Rd8 31. Nf3 $11 Rd6 32. Rc1 Rad8 33. Rac2 Qe7
34. Qe3 f6 35. h4 R8d7 $11 1/2-1/2

[Event "220th YMCA Autumn A"]
[Site "Warsaw"]
[Date "2019.11.22"]
[Round "10"]
[White "Moskwinski, Marek"]
[Black "Derylo, Kamil"]
[Result "0-1"]
[WhiteElo "1942"]
[BlackElo "2020"]
[PlyCount "42"]
[EventDate "2019.09.20"]
[EventType "tourn"]
[EventRounds "1"]
[EventCountry "POL"]
[SourceDate "2019.09.20"]

1. e4 e5 2. Nf3 Nc6 3. Bb5 a6 4. Ba4 Nf6 5. O-O Nxe4 6. Re1 Nc5 7. Nxe5 Nxe5 8.
Rxe5+ Be7 9. Bb3 Nxb3 10. axb3 O-O 11. d4 d5 12. Nc3 c6 13. Qd3 Bd6 14. Re3 Qh4
15. g3 Qh5 16. Qd1 Qg6 17. Bd2 f5 18. Kh1 f4 19. Re1 fxg3 20. fxg3 Bg4 21. Ne2
Rae8 0-1

[Event "220th YMCA Autumn A"]
[Site "Warsaw"]
[Date "2019.11.21"]
[Round "10"]
[White "Staniak, Mariusz"]
[Black "Potocki, Karol"]
[Result "0-1"]
[WhiteElo "1808"]
[BlackElo "1847"]
[PlyCount "74"]
[EventDate "2019.09.20"]
[EventType "tourn"]
[EventRounds "1"]
[EventCountry "POL"]
[SourceDate "2019.09.20"]

1. e4 c6 2. d4 d5 3. Nc3 dxe4 4. Nxe4 Nd7 5. Ng5 Ngf6 6. Bd3 e6 7. N1f3 Bd6 8.
Qe2 Nf8 9. Ne5 Bxe5 10. dxe5 N6d7 11. O-O Qe7 12. Rd1 h6 13. Ne4 Nxe5 14. Bb5
Nfg6 15. Nd6+ Kf8 16. f4 cxb5 17. fxe5 Bd7 18. Rf1 Be8 19. Bd2 Kg8 20. Bb4 Qc7
21. Bc3 Qc5+ 22. Kh1 b4 23. Qf3 bxc3 24. Nxe8 Rxe8 25. Qxf7+ Kh7 26. b4 Qe7 27.
Qf3 Qc7 28. Qd3 Rd8 29. Qe4 Rd5 30. Rf3 Rhd8 31. Raf1 Rd1 32. h4 Rxf1+ 33. Rxf1
Qxe5 34. Qxb7 Nxh4 35. Qe7 Qg3 36. Qb7 Rd5 37. Rg1 Nf3 0-1

[Event "220th YMCA Autumn A"]
[Site "Warsaw"]
[Date "2019.11.22"]
[Round "10"]
[White "Kosny, Marek"]
[Black "Choroszej, Aleksander"]
[Result "0-1"]
[WhiteElo "1861"]
[BlackElo "2054"]
[PlyCount "84"]
[EventDate "2019.09.20"]
[EventType "tourn"]
[EventRounds "1"]
[EventCountry "POL"]
[SourceDate "2019.09.20"]

1. Nf3 g6 2. c4 Bg7 3. Nc3 c5 4. g3 Nc6 5. Bg2 e5 6. O-O Nge7 7. e4 O-O 8. d3
d6 9. Be3 a6 10. Qd2 Nd4 11. Bh6 Nxf3+ 12. Bxf3 Nc6 13. Bxg7 Kxg7 14. Bg2 Be6
15. h3 Nd4 16. g4 b5 17. b3 bxc4 18. dxc4 g5 19. Ne2 a5 20. Nxd4 cxd4 21. Rfc1
Rc8 22. Bf1 h6 23. a3 Qb6 24. Rab1 Rc7 25. Bd3 Rfc8 26. f3 Qc5 27. b4 axb4 28.
axb4 Qa7 29. b5 Qb6 30. Qb4 $11 Ra7 31. Ra1 Rca8 32. Rxa7 Rxa7 33. c5 dxc5 34.
Rxc5 Ra4 35. Qxa4 Qxc5 36. Qc2 Qb6 37. Kf1 Kf6 38. Qb2 Ke7 39. Qa3+ Kd7 40. Ke2
Qc7 41. Qb4 Qc1 42. b6 Qe3+ 0-1

[Event "220th YMCA Autumn A"]
[Site "Warsaw"]
[Date "2019.11.21"]
[Round "10"]
[White "Kasperkiewicz, Pawel"]
[Black "Koziol, Pawel"]
[Result "1-0"]
[WhiteElo "1869"]
[BlackElo "1822"]
[PlyCount "47"]
[EventDate "2019.09.20"]
[EventType "tourn"]
[EventRounds "1"]
[EventCountry "POL"]
[SourceDate "2019.09.20"]

1. d4 f5 2. Bg5 g6 3. Nd2 Bg7 4. e4 fxe4 5. Nxe4 Nf6 6. Bd3 Nc6 7. Nf3 O-O 8.
c3 d5 9. Ned2 Qd6 10. Qe2 Nh5 11. O-O-O e5 12. dxe5 Nxe5 13. Nxe5 Qxe5 14. Qxe5
Bxe5 15. Nf3 Bd6 16. Rhe1 Bf5 17. Be7 Bf4+ 18. Kc2 Rfe8 19. Bxf5 gxf5 20. Rxd5
Ng7 21. g3 Bh6 22. Rd7 Rac8 23. Re5 f4 24. g4 1-0

[Event "220th YMCA Autumn A"]
[Site "Warsaw"]
[Date "2019.11.22"]
[Round "10"]
[White "Safanowski, Tomasz"]
[Black "Omar, Mohamed"]
[Result "1-0"]
[WhiteElo "1841"]
[BlackElo "1864"]
[PlyCount "73"]
[EventDate "2019.09.20"]
[EventType "tourn"]
[EventRounds "1"]
[EventCountry "POL"]
[SourceDate "2019.09.20"]

1. d4 d5 2. Nf3 e6 3. e3 Bd6 4. c4 c6 5. Nc3 f5 6. Bd2 Nf6 7. Qb3 Ne4 8. cxd5
exd5 9. Be2 Qb6 10. Qxb6 axb6 11. Ne5 Nd7 12. f4 O-O 13. Nxe4 fxe4 14. a3 b5
15. Rc1 Nb6 16. g4 Nc4 17. Bxc4 bxc4 18. Rg1 Be6 19. h4 Rae8 20. Bb4 Bxb4+ 21.
axb4 Ra8 22. Kd2 Ra4 23. f5 Bf7 24. Kc3 Rd8 25. h5 Raa8 26. Rc2 Kf8 27. Rh2 Ke7
28. g5 Rh8 29. h6 gxh6 30. Rxh6 Rag8 31. Rf6 Rg7 32. Rh6 Rgg8 33. Rg4 Ke8 34.
b5 cxb5 35. Kb4 Ke7 36. Rb6 Rb8 37. Rh4 1-0

[Event "220th YMCA Autumn A"]
[Site "Warsaw"]
[Date "2019.11.29"]
[Round "11"]
[White "Omar, Mohamed"]
[Black "Poniewierski, Piotr"]
[Result "0-1"]
[WhiteElo "1864"]
[BlackElo "1885"]
[PlyCount "88"]
[EventDate "2019.09.20"]
[EventType "tourn"]
[EventRounds "1"]
[EventCountry "POL"]
[SourceDate "2019.09.20"]

1. f4 d5 2. Nf3 g6 3. e3 Bg7 4. d4 Nh6 5. Bd3 c6 6. O-O O-O 7. c3 Bg4 8. Nbd2
Nd7 9. Qe1 f6 10. e4 Qc7 11. e5 fxe5 12. fxe5 c5 13. Qh4 Bf5 14. Bxf5 Nxf5 15.
Qh3 Qb6 16. g4 cxd4 17. gxf5 dxc3+ 18. Kh1 cxd2 19. fxg6 Qxg6 20. Bxd2 Qd3 21.
Bh6 Bxh6 22. Qxh6 Kh8 23. Rad1 Qe4 24. Rde1 Qg6 25. Qh4 e6 26. Rg1 Qf7 27. Ng5
Qe7 28. Qh6 Rg8 29. Nxe6 Rxg1+ 30. Rxg1 Rg8 31. Nf4 Rxg1+ 32. Kxg1 Nxe5 33.
Nxd5 Qc5+ 34. Ne3 Ng4 35. Qh4 Qxe3+ 36. Kg2 Qe6 37. Qd8+ Kg7 38. Qg5+ Kf7 39.
Qh5+ Kg8 40. Qg5+ Kh8 41. Qd8+ Qg8 42. Qd4+ Nf6+ 43. Kf1 Qe6 44. Qxa7 Qa6+ 0-1

[Event "220th YMCA Autumn A"]
[Site "Warsaw"]
[Date "2019.12.05"]
[Round "11"]
[White "Koziol, Pawel"]
[Black "Safanowski, Tomasz"]
[Result "1/2-1/2"]
[WhiteElo "1822"]
[BlackElo "1841"]
[PlyCount "111"]
[EventDate "2019.09.20"]
[EventType "tourn"]
[EventRounds "1"]
[EventCountry "POL"]
[SourceDate "2019.09.20"]

1. f4 d5 2. e3 g6 3. Nf3 Bg7 4. Be2 c5 5. O-O Nc6 6. d3 Nf6 7. a4 O-O 8. Qe1 e5
9. fxe5 Ng4 10. d4 cxd4 11. exd4 Qb6 12. a5 Qc7 13. Nc3 Be6 14. Qh4 h5 15. Nb5
Qd8 16. Bg5 f6 17. exf6 Bxf6 18. Bxf6 Rxf6 19. Ng5 Rxf1+ 20. Bxf1 Qf6 21. Nf3
Rf8 22. Qxf6 Rxf6 23. a6 bxa6 24. Nc7 Ne3 25. Nxe6 Rxe6 26. c3 Nxf1 27. Kxf1 a5
28. Nd2 Rf6+ 29. Ke2 Re6+ 30. Kd3 Rf6 31. Rf1 Re6 32. Nb3 Kg7 33. Ra1 Rf6 34.
Ke3 Re6+ 35. Kf2 Rf6+ 36. Kg1 Re6 37. Nxa5 Ne7 38. Nb3 Re2 39. Rxa7 Kf6 40. Ra2
Nf5 41. Nc5 Ne3 42. Ra6+ Kf5 43. b4 Rxg2+ 44. Kh1 Rc2 45. h3 h4 $11 46. b5 g5
47. b6 Kf4 48. b7 Rc1+ 49. Kh2 Rb1 50. Rf6+ Nf5 51. Rf8 Rb2+ 52. Kg1 Kg3 53.
Rxf5 g4 54. Rf2 Rb1+ 55. Rf1 Rb2 56. Re1 1/2-1/2

[Event "220th YMCA Autumn A"]
[Site "Warsaw"]
[Date "2019.11.29"]
[Round "11"]
[White "Choroszej, Aleksander"]
[Black "Kasperkiewicz, Pawel"]
[Result "0-1"]
[WhiteElo "2054"]
[BlackElo "1869"]
[PlyCount "146"]
[EventDate "2019.09.20"]
[EventType "tourn"]
[EventRounds "1"]
[EventCountry "POL"]
[SourceDate "2019.09.20"]

1. d4 Nf6 2. c4 e6 3. Nc3 Bb4 4. f3 O-O 5. a3 Bxc3+ 6. bxc3 Nh5 7. Nh3 f5 8.
Bg5 Nf6 9. Nf2 h6 10. Bxf6 Qxf6 11. e4 fxe4 12. Nxe4 Qf4 13. Bd3 Qe3+ 14. Qe2
Qxe2+ 15. Kxe2 Nc6 16. h4 b6 17. g4 Ne7 18. h5 Bb7 19. Rag1 d5 20. Nd2 dxc4 21.
Bxc4 Nd5 22. Bxd5 Bxd5 23. g5 hxg5 24. Rxg5 Rf5 25. Rg3 Kh8 26. Ne4 Raf8 27. h6
g6 28. Ng5 Rxg5 29. Rxg5 Bxf3+ 30. Ke3 Bxh1 31. Rxg6 Bd5 32. Rg7 Rf3+ 33. Kd2
Rf2+ 34. Ke3 Rf3+ 35. Kd2 b5 36. Rxc7 a5 37. a4 bxa4 38. c4 Be4 39. d5 exd5 40.
cxd5 Bxd5 41. Rc3 Rf4 42. Kc2 Rb4 43. Rc5 Be4+ 44. Kc3 Rb3+ 45. Kd4 Bg6 46.
Rxa5 a3 47. Ra7 Bb1 48. Kc4 Rh3 49. Kb4 a2 50. h7 Rxh7 51. Ra8+ Kg7 52. Kb3 Rh2
53. Ra5 Kf6 54. Ra7 Re2 55. Ra5 Ke6 56. Ra7 Kf5 57. Ra5+ Kf4 58. Ra7 Kf3 59.
Ra5 Kf2 60. Ra7 Ke1 61. Ra5 Rd2 62. Ra7 Kd1 63. Ra5 Bh7 64. Kc3 Kc1 65. Ra7 Be4
66. Ra4 Rd3+ 67. Kc4 Kb2 68. Rb4+ Ka1 69. Rb6 Rd2 70. Rb8 Rc2+ 71. Kd4 Rb2 72.
Rf8 Bg2 73. Kc3 Kb1 0-1

[Event "220th YMCA Autumn A"]
[Site "Warsaw"]
[Date "2019.11.28"]
[Round "11"]
[White "Potocki, Karol"]
[Black "Kosny, Marek"]
[Result "0-1"]
[WhiteElo "1847"]
[BlackElo "1861"]
[PlyCount "50"]
[EventDate "2019.09.20"]
[EventType "tourn"]
[EventRounds "1"]
[EventCountry "POL"]
[SourceDate "2019.09.20"]

1. d4 d5 2. Bf4 Nf6 3. e3 Nbd7 4. Nf3 e6 5. Bd3 Be7 6. Ne5 O-O 7. Nd2 Nxe5 8.
dxe5 Ne8 9. Qh5 g6 10. Qh6 f6 11. Nf3 Rf7 12. g4 c5 13. c3 d4 14. cxd4 cxd4 15.
O-O-O Qd5 16. g5 f5 17. Nxd4 Qxa2 18. Bb1 Qa5 19. Bc2 Bd7 20. Kb1 Rc8 21. Qh3
Bf8 22. Qg2 Bc6 23. Nxc6 Rxc6 24. Rd4 Rfc7 25. Rc1 b5 0-1

[Event "220th YMCA Autumn A"]
[Site "Warsaw"]
[Date "2019.11.29"]
[Round "11"]
[White "Derylo, Kamil"]
[Black "Staniak, Mariusz"]
[Result "1-0"]
[WhiteElo "2020"]
[BlackElo "1808"]
[PlyCount "63"]
[EventDate "2019.09.20"]
[EventType "tourn"]
[EventRounds "1"]
[EventCountry "POL"]
[SourceDate "2019.09.20"]

1. Nf3 Nf6 2. c4 g6 3. d4 Bg7 4. Nc3 O-O 5. e4 d6 6. Be2 e5 7. dxe5 dxe5 8.
Qxd8 Rxd8 9. Bg5 Na6 10. Nxe5 Re8 11. f4 Nc5 12. Bf3 Nfxe4 13. Bxe4 Nxe4 14.
Nxe4 Bxe5 15. fxe5 Rxe5 16. O-O-O Rxe4 17. Rd8+ Kg7 18. b3 $11 b6 19. Rf1 Re6
20. Bd2 f6 21. Bc3 g5 22. g4 Kg6 23. Rg8+ Kf7 24. Rxg5 Rc6 25. h3 Bd7 26. Rd5
Rd8 27. Rd3 Ke7 28. Rdf3 f5 29. gxf5 Rh6 30. Rg1 Re8 31. f6+ Kf8 32. f7 1-0

[Event "220th YMCA Autumn A"]
[Site "Warsaw"]
[Date "2019.11.26"]
[Round "11"]
[White "Matyszkiewicz, Wiktor"]
[Black "Moskwinski, Marek"]
[Result "1-0"]
[WhiteElo "1844"]
[BlackElo "1942"]
[PlyCount "59"]
[EventDate "2019.09.20"]
[EventType "tourn"]
[EventRounds "1"]
[EventCountry "POL"]
[SourceDate "2019.09.20"]

1. e4 c5 2. Nf3 d6 3. d4 cxd4 4. Nxd4 Nf6 5. Nc3 a6 6. Bg5 e6 7. f4 Be7 8. Qf3
Nbd7 9. O-O-O O-O 10. g4 b5 11. Bxf6 Nxf6 12. e5 Nd5 13. Nxd5 exd5 14. exd6
Bxd6 15. Bd3 Qf6 16. Ne2 Re8 17. g5 Qe6 18. Qh5 g6 19. Qh4 Qg4 20. Qf2 Bb7 21.
Rhg1 Qe6 22. Qh4 Bc5 23. f5 gxf5 24. Rgf1 Bc8 25. Kb1 Qe5 26. Nf4 Be6 27. Nh5
Be7 28. Nf6+ Bxf6 29. gxf6 Kh8 30. Rf3 1-0

[Event "220th YMCA Autumn A"]
[Site "Warsaw"]
[Date "2019.12.06"]
[Round "12"]
[White "Poniewierski, Piotr"]
[Black "Liberadzki, Slawomir"]
[Result "1/2-1/2"]
[WhiteElo "1885"]
[BlackElo "1983"]
[PlyCount "103"]
[EventDate "2019.09.20"]
[EventType "tourn"]
[EventRounds "1"]
[EventCountry "POL"]
[SourceDate "2019.09.20"]

1. Nf3 c5 2. c4 Nf6 3. g3 Nc6 4. Nc3 e6 5. Bg2 d5 6. cxd5 Nxd5 7. O-O Be7 8. d4
O-O 9. Nxd5 Qxd5 10. Be3 Qh5 11. dxc5 e5 12. a3 a5 13. b4 axb4 14. axb4 Rxa1
15. Qxa1 e4 16. b5 Nb4 17. Qe5 Qxe5 18. Nxe5 Nc2 19. Bxe4 Nxe3 20. fxe3 Bxc5
21. Bd5 Bxe3+ 22. Kg2 Be6 23. Bxb7 f6 24. Nd3 Rb8 25. Bc6 Bg4 26. Bf3 Bd7 27.
Bd5+ Kf8 28. Kf3 Rxb5 29. Be4 Bd4 30. e3 Bb6 31. Nf4 f5 32. Ba8 Ra5 33. Rb1 Ba7
34. Rd1 Ke8 35. Rd3 g5 36. Nd5 g4+ 37. Kf4 Bb8+ 38. Kg5 Be5 39. Nb6 Be6 40. Bd5
Ke7 41. Bxe6 Kxe6 42. Nc4 Bf6+ 43. Kh6 Rc5 44. Nd6 Be7 45. Ne8 Rc2 46. Ng7+ Kf6
47. Nh5+ Kf7 48. Rd5 Ke6 49. Nf4+ Kf6 50. Nh5+ Ke6 51. Nf4+ Kf6 52. Nh5+
1/2-1/2

[Event "220th YMCA Autumn A"]
[Site "Warsaw"]
[Date "2019.12.03"]
[Round "12"]
[White "Staniak, Mariusz"]
[Black "Matyszkiewicz, Wiktor"]
[Result "0-1"]
[WhiteElo "1808"]
[BlackElo "1844"]
[PlyCount "104"]
[EventDate "2019.09.20"]
[EventType "tourn"]
[EventRounds "1"]
[EventCountry "POL"]
[SourceDate "2019.09.20"]

1. e4 c5 2. Nf3 d6 3. Bb5+ Bd7 4. a4 Nf6 5. Nc3 g6 6. O-O Bg7 7. e5 dxe5 8.
Nxe5 O-O 9. Nxd7 Nbxd7 10. Re1 a6 11. Bf1 Nb6 12. g3 Nbd5 13. Nxd5 Nxd5 14. Bg2
e6 15. Rb1 b5 16. b3 Rb8 17. Bb2 Bxb2 18. Rxb2 bxa4 19. Qa1 axb3 20. Rxb3 Rxb3
21. cxb3 Nb4 22. Qc3 Qd6 23. Ra1 Rd8 24. Bf1 Qb6 25. Bc4 Rd4 26. Qb2 Qd6 27.
Rd1 Qc6 28. Ra1 Qd6 29. Rd1 h5 30. h4 g5 31. hxg5 h4 32. Qc3 Nd3 33. Bxd3 Rxd3
34. Qf6 hxg3 35. g6 gxf2+ 36. Kf1 fxg6 37. Qxg6+ Kf8 38. Qf6+ Ke8 39. Qg6+ Kd7
40. Qh7+ Kc6 41. b4 Rxd2 42. Qe4+ Qd5 43. Qxd5+ Rxd5 44. Rc1 Rf5 45. bxc5 a5
46. Rc2 e5 47. Ra2 e4 48. Rxa5 e3 49. Ra2 Rg5 50. Ra6+ Kb5 51. Rf6 Rg1+ 52. Ke2
Re1+ 0-1

[Event "220th YMCA Autumn A"]
[Site "Warsaw"]
[Date "2019.12.05"]
[Round "12"]
[White "Kosny, Marek"]
[Black "Derylo, Kamil"]
[Result "1-0"]
[WhiteElo "1861"]
[BlackElo "2020"]
[PlyCount "107"]
[EventDate "2019.09.20"]
[EventType "tourn"]
[EventRounds "1"]
[EventCountry "POL"]
[SourceDate "2019.09.20"]

1. Nf3 c5 2. c4 g6 3. Nc3 Bg7 4. g3 Nc6 5. Bg2 e5 6. O-O Nge7 7. e4 O-O 8. d3
d6 9. Be3 Nd4 10. Qd2 Bg4 11. Ne1 Qd7 12. f3 Bh3 13. Bh6 Bxg2 14. Kxg2 f5 15.
Bxg7 Kxg7 16. Nc2 Nec6 17. Ne3 a6 18. Ned5 Qd8 19. Rab1 b5 20. b4 bxc4 21. bxc5
cxd3 22. cxd6 Qxd6 23. Qxd3 Rf7 24. Nb6 Raf8 25. Nc4 Qd8 26. Nd5 fxe4 27. fxe4
Nf3 28. Qc3 Qd7 29. Rbd1 Qe6 30. Nf4 Nh4+ 31. Kg1 Rxf4 32. gxf4 Nd4 33. Rxd4
exd4 34. Qxd4+ Kh6 35. Ne5 Rb8 36. Qf2 Qb6 37. h3 Kh5 38. Kh2 Qb2 39. Nd3 Nf3+
40. Kg3 Qxf2+ 41. Kxf2 Nd2 42. Re1 Nc4 43. e5 Kh6 44. Rc1 Nb2 45. Ke3 Kg7 46.
Rc7+ Kg8 47. e6 Na4 48. Ke4 Nb6 49. Ke5 Rd8 50. Nb4 a5 51. Rc6 Nc8 52. Nd5 h6
53. Rxc8 Rxc8 54. Ne7+ 1-0

[Event "220th YMCA Autumn A"]
[Site "Warsaw"]
[Date "2019.12.05"]
[Round "12"]
[White "Kasperkiewicz, Pawel"]
[Black "Potocki, Karol"]
[Result "0-1"]
[WhiteElo "1869"]
[BlackElo "1847"]
[PlyCount "44"]
[EventDate "2019.09.20"]
[EventType "tourn"]
[EventRounds "1"]
[EventCountry "POL"]
[SourceDate "2019.09.20"]

1. e4 e6 2. d4 d5 3. Nc3 Bb4 4. exd5 exd5 5. Bd3 Ne7 6. a3 Ba5 7. Qh5 g6 8. Qh6
Bf5 9. Qg7 Rg8 10. Qxh7 Bxd3 11. cxd3 Nbc6 12. Nf3 Qd6 13. b4 Bb6 14. O-O O-O-O
15. Nb5 Qd7 16. Qh4 a6 17. a4 Nf5 18. Qg4 axb5 19. axb5 Nb8 20. Ne5 Qe6 21. Bb2
Nxd4 22. Bxd4 Qxg4 0-1